|
|
|
|
| LEADER |
00000nam0a2200000 4500 |
| 001 |
372301 |
| 005 |
20231102012449.0 |
| 035 |
|
|
|a (RuTPU)RU\TPU\retro\29724
|
| 035 |
|
|
|a RU\TPU\book\157572
|
| 090 |
|
|
|a 372301
|
| 100 |
|
|
|a 20221214d1986 k y0rusy50 ca
|
| 101 |
1 |
|
|a rus
|c eng
|
| 102 |
|
|
|a RU
|
| 105 |
|
|
|a a z 001ab
|
| 200 |
1 |
|
|a Неистовый странник
|e биографическая новелла о Юджине Дебсе
|e пер. с англ.
|f И. Стоун
|
| 210 |
|
|
|a Москва
|c Политиздат
|d 1986
|
| 215 |
|
|
|a 384 с.
|c ил.
|
| 320 |
|
|
|a Хроника жизни Юджина Дебса: с. 381-383.
|
| 600 |
|
1 |
|a Дебс
|b Ю.
|c американский политический деятель
|f 1855-1926
|g Юджин
|c организатор Социалистической партии в США
|2 stltpush
|3 (RuTPU)RU\TPU\pers\7960
|
| 606 |
1 |
|
|a Рабочий класс в США
|2 stltpush
|3 (RuTPU)RU\TPU\subj\22268
|9 47074
|
| 610 |
1 |
|
|a американская литература
|
| 610 |
1 |
|
|a биографическая проза
|
| 610 |
1 |
|
|a рабочее движение
|
| 610 |
1 |
|
|a США
|
| 610 |
1 |
|
|a история
|
| 610 |
1 |
|
|a 19 век
|
| 610 |
1 |
|
|a 20 век
|
| 686 |
|
|
|a Т3
|2 rubbk
|
| 686 |
|
|
|a Ф3(7США)
|2 rubbk
|
| 700 |
|
1 |
|a Стоун
|b И.
|g Ирвинг
|
| 801 |
|
1 |
|a RU
|b 63413507
|c 20081016
|g PSBO
|
| 801 |
|
2 |
|a RU
|b 63413507
|c 20221214
|g RCR
|
| 942 |
|
|
|c BK
|